000
00315nam a22001457a 4500
008
230517b ||||| |||| 00| 0 eng d
020
_a
9791576070245
041
_a
eng
080
_a
61
082
_a
61DUN
100
_a
8
101
_a
SS
245
_a
SPORT IN AMERICAN CULTURE
_c
DUNCAN .D.J
942
_2
udc
_c
BK
999
_c
59756
_d
59756